000 00932nam a2200277 c 4500
003 BLK
005 20180422115610.0
008 180411b bul|||||r ||||||| ||bul||
010 _aKNG00197532000
040 _aBLK
041 _aBUL
_cBUL
080 _aБългарска литература
_b821.163.2
_x-31
_z821.163.2-31
100 1 _aХаджиев, Йордан Тодоров
_eпърви автор
_9382113
139 _aХаджиев, Йордан Тодоров
_bХ 15
245 1 0 _aСемеен портрет
_bРоман
_cЙордан Тодоров Хаджиев.
257 _aBGR
260 София
_bНар. младеж
_c1989
300 _a189 с.
_c20 см
380 _aX
500 _a30 150 тир.
852 _aЦб 158528
856 4 _qpdf
_u
856 4 _qpdf
_u
942 _cKNG
_n0
944 _aCR
_c06.12.2016
_kНаталия_Любомирова
944 _aED
_c06.12.2016
_kНаталия_Любомирова
999 _c188514
_d188514